| 000 | 01164nam a2200313 a 4500 | ||
|---|---|---|---|
| 001 | ebr10005703 | ||
| 003 | CaPaEBR | ||
| 006 | m u | ||
| 007 | cr cn||||||||| | ||
| 008 | 960614s1997 ctu sb 001 0 eng | ||
| 010 | _z 96026281 | ||
| 020 | _z027595367X (alk. paper) | ||
| 040 |
_aCaPaEBR _cCaPaEBR |
||
| 035 | _a(OCoLC)614511266 | ||
| 050 | 1 | 4 |
_aHT1521 _b.P625 1997eb |
| 082 | 0 | 4 |
_a305.8 _220 |
| 245 | 0 | 0 |
_aPostmodernism and race _h[electronic resource] / _cedited by Eric Mark Kramer. |
| 260 |
_aWestport, Conn. : _bPraeger, _c1997. |
||
| 300 | _aviii, 191 p. | ||
| 504 | _aIncludes bibliographical references and indexes. | ||
| 533 |
_aElectronic reproduction. _bPalo Alto, Calif. : _cebrary, _d2013. _nAvailable via World Wide Web. _nAccess may be limited to ebrary affiliated libraries. |
||
| 650 | 0 | _aRace awareness. | |
| 650 | 0 | _aEthnic attitudes. | |
| 650 | 0 |
_aPostmodernism _xSocial aspects. |
|
| 655 | 7 |
_aElectronic books. _2local |
|
| 700 | 1 | _aKramer, Eric Mark. | |
| 710 | 2 | _aebrary, Inc. | |
| 856 | 4 | 0 |
_uhttp://site.ebrary.com/lib/rucke/Doc?id=10005703 _zAn electronic book accessible through the World Wide Web; click to view |
| 999 |
_c3409 _d3409 |
||